MARC

LEADER 00000nlm0a2200000 4500
001 161875
005 20231031160056.0
035 |a (RuTPU)RU\TPU\book\175544 
090 |a 161875 
100 |a 20090615d2008 m y0rusy50 ca 
101 0 |a rus 
102 |a RU 
105 |a y j 001zy 
135 |a vrcn ---uucaa 
181 0 |a i  
182 0 |a b 
200 1 |a Народы Сибири  |b Электронный ресурс  |e учебное пособие  |f Л. И. Шерстова, Т. А. Спиченко, М. Ю. Пичугина  |g Томский политехнический университет (ТПУ) 
203 |a Текст  |c электронный 
210 |a Томск  |c Изд-во ТПУ  |d 2008 
225 1 |a Учебники Томского политехнического университета 
230 |a 1 компьютерный файл (pdf; 1231 KB) 
300 |a Заглавие с титульного экрана 
300 |a Электронная версия печатной публикации 
333 |a Режим доступа: из корпоративной сети ТПУ 
337 |a Adobe Reader 
452 1 |0 (RuTPU)RU\TPU\book\158199  |t Народы Сибири  |o учебное пособие  |f Л. И. Шерстова, Т. А. Спиченко, М. Ю. Пичугина  |g Томский политехнический университет (ТПУ)  |c Томск  |n Изд-во ТПУ  |d 2008  |p 154 с.  |s Учебники Томского политехнического университета  |a Шерстова, Людмила Ивановна 
606 1 |a Народы Сибири  |x Этнография  |2 stltpush  |3 (RuTPU)RU\TPU\subj\68303 
610 1 |a торцы 
610 1 |a Сибирь 
610 1 |a население 
610 1 |a селькупы 
610 1 |a ненцы 
610 1 |a алтайцы 
610 1 |a хакасы 
610 1 |a томские татары 
610 1 |a торцы 
610 1 |a эвенки 
610 1 |a якуты 
610 1 |a буряты 
610 1 |a чукчи 
610 1 |a коряки 
610 1 |a Сибирские этносы 
610 1 |a учебные пособия 
610 1 |a электронный ресурс 
686 |a Т52(2Р5)я73  |v LBC/SL-A  |2 rubbk 
700 1 |a Шерстова  |b Л. И.  |c историк  |c доцент Кафедры истории и регионоведения Томского политехнического университета  |g Людмила Ивановна  |2 stltpush  |3 (RuTPU)RU\TPU\pers\26632 
701 1 |a Спиченко  |b Т. А.  |c историк  |c старший преподаватель Томского политехнического университета  |f 1954-  |g Татьяна Андреевна  |2 stltpush  |3 (RuTPU)RU\TPU\pers\29469 
701 1 |a Пичугина  |b М. Ю.  |c историк  |c специалист по учебно-методической работе Томского политехнического университета  |f 1964-  |g Марина Юрьевна  |2 stltpush  |3 (RuTPU)RU\TPU\pers\29468 
712 0 2 |a Томский политехнический университет (ТПУ)  |c (1991- )  |2 stltpush  |3 (RuTPU)RU\TPU\col\376 
801 1 |a RU  |b 63413507  |c 20090615  |g PSBO 
801 2 |a RU  |b 63413507  |c 20160621  |g RCR 
856 4 |u http://www.lib.tpu.ru/fulltext2/m/2009/m13.pdf 
942 |c CF